| 000 | 00000nam 2200000zi 4500 |
| 001 | 9.928327 |
| 003 | CaOODSP |
| 005 | 20231006134429 |
| 006 | m o d f |
| 007 | cr mn||||||||| |
| 008 | 231006t19921992oncd obs f000 0 fre d |
| 020 | |z0662588924 |
| 040 | |aCaOODSP|bfre|erda|cCaOODSP |
| 043 | |an-cn--- |
| 086 | 1 |aCo22-113/1992F-PDF|zCo22-113/1992 |
| 245 | 03|aLa lecture et les Canadiens en 1991 / |cLes AssocieĢs de recherche Ekos Inc. |
| 246 | 34|aLecture et les Canadiens en 1991 : |bpoints saillants |
| 264 | 1|a[Ottawa] : |bCommunications Canada, |c[1992] |
| 264 | 4|c©1992 |
| 300 | |a1 ressource en ligne (38 pages) : |bgraphiques |
| 336 | |atexte|btxt|2rdacontent/fre |
| 337 | |ainformatique|bc|2rdamedia/fre |
| 338 | |aressource en ligne|bcr|2rdacarrier/fre |
| 500 | |aPublié aussi en anglais sous le titre : Reading in Canada, 1991. |
| 500 | |aÉdition numérisée de l'imprimé [par Innovation, sciences et développement économique Canada]. |
| 504 | |aComprend des références bibliographiques. |
| 650 | 6|aLivres et lecture|zCanada. |
| 650 | 6|aLivres et lecture|zCanada|vStatistiques. |
| 655 | 7|aStatistiques|2rvmgf |
| 710 | 1 |aCanada. |bCommunications Canada, |eorganisme de publication. |
| 710 | 2 |aAssociés de recherche Ekos, |econsultant. |
| 775 | 08|tReading in Canada, 1991 / |w(CaOODSP)9.928307 |
| 856 | 40|qPDF|s1.97 Mo|uhttps://publications.gc.ca/collections/collection_2023/isde-ised/co22/Co22-113-1992-fra.pdf |